000 00311nam a22001097a 4500
008 140207t xxu||||| |||| 00| 0 eng d
020 _a969-8373-01-2
100 _aIqbal s. Hussain
_9660
245 _aThe Quran and modernism
_bbeyond science & philosophy /
_cIqbal S. Hussain.
300 _a473 p. ;
942 _2ddc
_cBK
999 _c16919
_d16919